[Event "European School-ch 2019"]
[Site "Mamaia"]
[Date "2019.06.02"]
[Round "3.53"]
[White "Vorobyova, Ekaterina"]
[Black "Obada, Ema"]
[Result "0-1"]
[WhiteElo "1795"]
[BlackElo "1889"]
[Annotator "NA"]
[PlyCount "118"]
[EventDate "2019.05.31"]
[EventType "swiss"]
[EventCountry "ROU"]
[SourceTitle "playchess.com"]
[Source "ChessBase"]
[SourceQuality "1"]
[TimeControl "40/5400+30:1800+30"]

1. e4 {[%emt 0:00:00]} c5 {[%emt 0:00:00]} 2. Nc3 {[%emt 0:00:00]} Nc6 {[%emt 0:00:00]} 3. g3 {[%emt 0:00:00]} g6 {[%emt 0:00:00]} 4. Bg2 {[%emt 0:00:00]} Bg7 {[%emt 0:00:00]} 5. d3 {[%emt 0:00:08]} d6 {[%emt 0:00:00]} 6. Be3 {[%emt 0:00:43]} e5 {[%emt 0:00:01]} 7. Qd2 {[%emt 0:02:37]} Be6 {[%emt 0:00:09]} 8. Nge2 {[%emt 0:01:36]} Nd4 {[%emt 0:01:44]} 9. O-O {[%emt 0:03:26]} Ne7 {[%emt 0:01:19]} 10. Bh6 {[%emt 0:05:11]} O-O {[%emt 0:07:09]} 11. Bxg7 {[%emt 0:00:50]} Kxg7 {[%emt 0:00:05]} 12. Nxd4 {[%emt 0:02:37]} cxd4 {[%emt 0:00:20]} 13. Ne2 {[%emt 0:00:40]} Rc8 {[%emt 0:13:52]} 14. f4 {[%emt 0:16:16]} f6 {[%emt 0:08:22]} 15. Rf2 {[%emt 0:16:04]} Qb6 {[%emt 0:02:44]} 16. c3 {[%emt 0:01:44]} Qa5 {[%emt 0:10:50]} 17. a3 {[%emt 0:04:59]} dxc3 {[%emt 0:09:25]} 18. Nxc3 {[%emt 0:02:19]} Nc6 {[%emt 0:01:45]} 19. Raf1 {[%emt 0:07:07]} Nd4 {[%emt 0:02:34]} 20. h3 Qb6 {[%emt 0:06:58]} 21. Kh2 {[%emt 0:09:13]} Bb3 {[%emt 0:05:56]} 22. g4 {[%emt 0:03:27]} Ne6 {[%emt 0:01:31]} 23. f5 {[%emt 0:05:29]} Nf4 {[%emt 0:00:43]} 24. Bf3 {[%emt 0:00:52]} g5 {[%emt 0:01:47]} 25. Bd1 {[%emt 0:01:32]} Bf7 {[%emt 0:02:49]} 26. Ne2 {[%emt 0:00:37]} Nxe2 {[%emt 0:02:16]} 27. Qxe2 {[%emt 0:02:02]} Rc7 {[%emt 0:02:22]} 28. Qf3 {[%emt 0:02:02]} Rfc8 {[%emt 0:02:08]} 29. h4 {[%emt 0:03:03]} h6 {[%emt 0:00:04]} 30. Kg2 {[%emt 0:01:07]} d5 {[%emt 0:05:22]} 31. Rh1 {[%emt 0:01:13]} dxe4 {[%emt 0:02:36]} 32. dxe4 {[%emt 0:00:15]} Qd4 {[%emt 0:00:35]} 33. Qh3 {[%emt 0:03:16]} Kf8 {[%emt 0:00:23]} 34. Qf3 {[%emt 0:00:45]} Rc1 {[%emt 0:03:23]} 35. hxg5 {[%emt 0:01:53]} hxg5 {[%emt 0:00:04]} 36. Rh8+ {[%emt 0:00:30]} Ke7 {[%emt 0:00:17]} 37. Rxc8 {[%emt 0:00:12]} Rxc8 {[%emt 0:00:03]} 38. a4 {[%emt 0:03:00]} Qb4 {[%emt 0:02:13]} 39. Qe3 {[%emt 0:01:42]} Rc4 {[%emt 0:01:36]} 40. Bf3 {[%emt 0:00:00]} Rd4 {[%emt 0:00:00]} 41. Rc2 {[%emt 0:03:07]} Kf8 {[%emt 0:02:38]} 42. Qc1 {[%emt 0:05:36]} Kg7 {[%emt 0:04:07]} 43. Rc3 {[%emt 0:02:29]} Qxa4 {[%emt 0:00:57]} 44. Kg3 {[%emt 0:01:12]} Rc4 {[%emt 0:01:44]} 45. Qd2 {[%emt 0:03:00]} Rxc3 {[%emt 0:00:45]} 46. Qxc3 {[%emt 0:00:05]} Qb3 {[%emt 0:00:26]} 47. Qd2 {[%emt 0:01:34]} b6 {[%emt 0:00:16]} 48. Kf2 {[%emt 0:00:20]} a5 {[%emt 0:00:21]} 49. Bd1 {[%emt 0:00:15]} Qc4 {[%emt 0:01:55]} 50. Qe3 {[%emt 0:00:36]} b5 {[%emt 0:00:32]} 51. Be2 {[%emt 0:00:30]} Qc2 {[%emt 0:00:23]} 52. Qa3 {[%emt 0:01:24]} b4 {[%emt 0:03:07]} 53. Qxa5 {[%emt 0:02:45]} Qxb2 {[%emt 0:00:17]} 54. Qc5 {[%emt 0:00:42]} b3 {[%emt 0:00:25]} 55. Ke3 {[%emt 0:01:50]} Qa1 {[%emt 0:01:38]} 56. Qe7 {[%emt 0:02:26]} Qd4+ {[%emt 0:00:57]} 57. Kf3 {[%emt 0:00:05]} b2 {[%emt 0:00:19]} 58. Qb7 {[%emt 0:00:09]} Qc3+ {[%emt 0:00:13]} 59. Kf2 {[%emt 0:01:12]} Qc2 {[%emt 0:00:15]} 0-1

[Event "European School-ch 2019"]
[Site "Mamaia"]
[Date "2019.06.02"]
[Round "3.54"]
[White "Ruzic, Pia Marie"]
[Black "Donghvani, Nia"]
[Result "1-0"]
[WhiteElo "1917"]
[BlackElo "1840"]
[Annotator "NA"]
[PlyCount "105"]
[EventDate "2019.05.31"]
[EventType "swiss"]
[EventCountry "ROU"]
[SourceTitle "playchess.com"]
[Source "ChessBase"]
[SourceQuality "1"]
[TimeControl "40/5400+30:1800+30"]

1. c4 {[%emt 0:00:00]} c5 {[%emt 0:00:00]} 2. Nc3 {[%emt 0:00:00]} Nc6 {[%emt 0:00:00]} 3. Nf3 {[%emt 0:01:09]} g6 {[%emt 0:00:00]} 4. d4 {[%emt 0:02:41]} cxd4 {[%emt 0:00:00]} 5. Nxd4 {[%emt 0:00:06]} Bg7 {[%emt 0:00:00]} 6. Nc2 {[%emt 0:03:10]} d6 {[%emt 0:01:18]} 7. e4 {[%emt 0:01:10]} Nf6 {[%emt 0:01:52]} 8. Be2 {[%emt 0:00:15]} O-O {[%emt 0:00:38]} 9. O-O {[%emt 0:00:12]} b6 {[%emt 0:04:19]} 10. Be3 {[%emt 0:05:07]} Bb7 {[%emt 0:00:39]} 11. Rc1 {[%emt 0:04:43]} Rc8 {[%emt 0:04:24]} 12. b3 {[%emt 0:01:01]} Qd7 {[%emt 0:02:21]} 13. f4 {[%emt 0:07:41]} e6 {[%emt 0:06:11]} 14. Qd2 {[%emt 0:02:34]} Rcd8 {[%emt 0:02:42]} 15. Rfd1 {[%emt 0:01:30]} Qc8 {[%emt 0:01:40]} 16. Bf3 {[%emt 0:00:30]} Rd7 {[%emt 0:03:57]} 17. Qe1 {[%emt 0:03:50]} Rfd8 {[%emt 0:01:32]} 18. Bf2 {[%emt 0:01:51]} Qa8 {[%emt 0:09:04]} 19. Rd3 {[%emt 0:04:25]} Ne7 {[%emt 0:09:19]} 20. Rcd1 {[%emt 0:01:11]} h5 {[%emt 0:05:08]} 21. h3 {[%emt 0:02:07]} Ne8 {[%emt 0:04:57]} 22. Bh4 {[%emt 0:07:33]} Qb8 {[%emt 0:08:32]} 23. Qe2 {[%emt 0:13:04]} Rc8 {[%emt 0:04:29]} 24. e5 {[%emt 0:06:49]} Nf5 {[%emt 0:01:49]} 25. Be1 {[%emt 0:04:45]} Bxf3 {[%emt 0:00:48]} 26. Qxf3 {[%emt 0:00:10]} a6 {[%emt 0:06:37]} 27. Ne3 {[%emt 0:02:44]} Nxe3 {[%emt 0:00:28]} 28. Qxe3 {[%emt 0:00:04]} b5 {[%emt 0:00:49]} 29. c5 {[%emt 0:09:53]} d5 {[%emt 0:02:57]} 30. b4 {[%emt 0:00:32]} Ra7 {[%emt 0:00:29]} 31. a4 {[%emt 0:01:01]} Qb7 {[%emt 0:01:57]} 32. a5 {[%emt 0:01:19]} Qe7 {[%emt 0:00:01]} 33. Ne2 {[%emt 0:01:21]} Bh6 {[%emt 0:00:51]} 34. Bd2 {[%emt 0:01:25]} Ng7 {[%emt 0:01:16]} 35. g4 {[%emt 0:01:21]} hxg4 {[%emt 0:01:21]} 36. hxg4 {[%emt 0:00:07]} Ne8 {[%emt 0:00:13]} 37. Qh3 {[%emt 0:02:21]} Bg7 {[%emt 0:00:22]} 38. g5 {[%emt 0:01:23]} Qc7 {[%emt 0:01:45]} 39. Qh2 {[%emt 0:00:45]} Kf8 {[%emt 0:00:48]} 40. Rh3 {[%emt 0:00:00]} Ke7 {[%emt 0:00:00]} 41. Be3 {[%emt 0:02:47]} Raa8 {[%emt 0:00:51]} 42. Rh7 {[%emt 0:03:04]} Qb7 {[%emt 0:02:07]} 43. Nd4 {[%emt 0:11:26]} Rc7 {[%emt 0:04:28]} 44. Rc1 {[%emt 0:01:25]} Rc6 {[%emt 0:00:22]} 45. Kf2 {[%emt 0:03:57]} Rd8 {[%emt 0:03:00]} 46. Qh4 {[%emt 0:03:54]} Kd7 {[%emt 0:02:20]} 47. Nf3 {[%emt 0:03:14]} Kc8 {[%emt 0:00:48]} 48. Bd4 {[%emt 0:00:10]} Bf8 {[%emt 0:02:29]} 49. Be3 {[%emt 0:02:31]} Ng7 {[%emt 0:03:00]} 50. Nd4 {[%emt 0:00:12]} Qd7 {[%emt 0:00:05]} 51. Rxg7 {[%emt 0:02:45]} Bxg7 {[%emt 0:00:18]} 52. Qh7 {[%emt 0:00:10]} f5 {[%emt 0:03:23]} 53. gxf6 {[%emt 0:02:36]} 1-0

[Event "European School-ch 2019"]
[Site "Mamaia"]
[Date "2019.06.02"]
[Round "3.55"]
[White "Zyapaeva, Polina"]
[Black "Mihailova, Alina"]
[Result "1-0"]
[WhiteElo "1806"]
[BlackElo "1825"]
[Annotator "NA"]
[PlyCount "75"]
[EventDate "2019.05.31"]
[EventType "swiss"]
[EventCountry "ROU"]
[SourceTitle "playchess.com"]
[Source "ChessBase"]
[SourceQuality "1"]
[TimeControl "40/5400+30:1800+30"]

1. c4 {[%emt 0:00:00]} Nf6 {[%emt 0:00:00]} 2. Nc3 {[%emt 0:00:00]} c5 {[%emt 0:00:00]} 3. e4 {[%emt 0:01:00]} Nc6 {[%emt 0:00:00]} 4. g3 {[%emt 0:03:01]} d6 {[%emt 0:00:31]} 5. h3 {[%emt 0:02:39]} g6 {[%emt 0:00:36]} 6. Bg2 {[%emt 0:02:30]} Bg7 {[%emt 0:00:25]} 7. Nge2 {[%emt 0:01:46]} Bd7 {[%emt 0:00:47]} 8. O-O {[%emt 0:01:04]} h5 {[%emt 0:06:25]} 9. d3 {[%emt 0:05:17]} a6 {[%emt 0:02:36]} 10. a4 {[%emt 0:11:16]} O-O {[%emt 0:11:31]} 11. Be3 {[%emt 0:02:48]} Rb8 {[%emt 0:02:06]} 12. Rb1 {[%emt 0:01:36]} Nb4 {[%emt 0:04:57]} 13. f4 {[%emt 0:09:40]} Qc8 {[%emt 0:11:17]} 14. Kh2 {[%emt 0:01:12]} Nc6 {[%emt 0:00:36]} 15. Qd2 {[%emt 0:02:38]} Ne8 {[%emt 0:06:45]} 16. f5 {[%emt 0:04:47]} gxf5 {[%emt 0:04:00]} 17. Bh6 {[%emt 0:09:09]} Kh7 {[%emt 0:06:22]} 18. Be3 {[%emt 0:11:46]} Rh8 {[%emt 0:04:57]} 19. exf5 {[%emt 0:02:49]} Kg8 {[%emt 0:01:51]} 20. Nd5 {[%emt 0:02:49]} b6 {[%emt 0:01:52]} 21. b4 {[%emt 0:07:13]} Qd8 {[%emt 0:09:50]} 22. b5 {[%emt 0:00:43]} axb5 {[%emt 0:00:30]} 23. axb5 {[%emt 0:00:05]} Ne5 {[%emt 0:01:13]} 24. Bg5 {[%emt 0:00:24]} Bf6 {[%emt 0:07:39]} 25. Nec3 {[%emt 0:03:27]} Nc7 {[%emt 0:06:25]} 26. Qf4 {[%emt 0:04:16]} Kf8 {[%emt 0:04:49]} 27. Qh4 {[%emt 0:02:17]} Nxd5 {[%emt 0:04:09]} 28. Nxd5 {[%emt 0:00:10]} Bxg5 {[%emt 0:00:24]} 29. Qxg5 {[%emt 0:00:02]} f6 {[%emt 0:00:16]} 30. Qe3 {[%emt 0:00:34]} Qc8 {[%emt 0:01:14]} 31. Be4 {[%emt 0:01:32]} Kf7 {[%emt 0:00:51]} 32. Ra1 {[%emt 0:00:28]} Qd8 {[%emt 0:00:19]} 33. Nf4 {[%emt 0:01:00]} Bc8 {[%emt 0:00:40]} 34. Ra7 {[%emt 0:00:14]} Bd7 {[%emt 0:00:25]} 35. Bd5+ {[%emt 0:00:34]} Ke8 {[%emt 0:00:32]} 36. Be6 {[%emt 0:00:32]} Rh7 {[%emt 0:00:23]} 37. Bxd7+ {[%emt 0:00:37]} Nxd7 {[%emt 0:00:01]} 38. Ne6 {[%emt 0:00:09]} 1-0

[Event "European School-ch 2019"]
[Site "Mamaia"]
[Date "2019.06.03"]
[Round "4.1"]
[White "Mammadov, Sadig"]
[Black "Schitco, Ivan"]
[Result "1/2-1/2"]
[WhiteElo "2208"]
[BlackElo "2458"]
[Annotator "TA"]
[PlyCount "131"]
[EventDate "2019.05.31"]
[EventType "swiss"]
[EventCountry "ROU"]
[SourceTitle "playchess.com"]
[Source "ChessBase"]
[SourceQuality "1"]

{[%evp 16,131,37,30,33,32,8,23,22,0,16,4,15,16,31,37,44,22,21,19,22,28,29,16,9,11,12,0,0,0,23,0,0,0,0,0,0,0,0,0,0,0,30,0,7,0,20,9,14,-22,-22,-37,-37,-47,-23,-98,-87,-237,-264,-218,-198,-198,-136,-145,-145,-145,-91,-106,-91,-91,-91,-87,-83,-100,-99,-149,-156,-145,-163,-135,-135,-139,-141,-221,-220,-289,-231,-363,-362,-504,-470,-540,-168,-199,-189,-153,-137,-255,-255,-220,-166,-166,-137,-137,-112,-112,-112,-137,0,0,0,0,0,0,0,0,0,0]} 1. e4 d6 2. d4 Nf6 3. Nc3 g6 4. h3 c6 5. a4 Bg7 6. Nf3 O-O 7. Be3 Nbd7 8. a5 Qc7 9. Be2 Rb8 {B08: Pirc Defence: Classical System} (9... e5 10. dxe5 Nxe5 11. O-O Re8 12. Nxe5 dxe5 13. Bc4 Nd7 14. Qf3 Nf8 15. Bb6 Qe7 16. Bc5 Qf6 17. Qxf6 Bxf6 {1-0 (60) Artemiev,V (2709)-Bosiocic,M (2599) St Petersburg 2018}) 10. O-O b5 11. axb6 axb6 {White has an edge.} 12. Qc1 b5 {[%cal Bb6b5,Bb5b4][%mdl 32]} 13. e5 Ne8 14. Bf4 $146 ({Predecessor:} 14. exd6 Nxd6 15. Bf4 Nf6 16. Be5 Be6 17. Re1 {½-½ (41) Guempges,P-Schreck,R Germany 1995}) 14... b4 15. exd6 exd6 16. Ne4 Ndf6 17. Ng3 Nd5 18. Bh6 Nef6 19. Bc4 Re8 20. Qg5 Be6 21. Bxg7 Kxg7 22. Nh4 Ng8 23. Rfe1 h6 24. Qd2 Qd8 25. Nf3 Ngf6 26. Nh4 Nd7 27. Bxd5 cxd5 28. Nf3 Nf6 29. Ra6 Qc7 30. Rea1 Ne4 31. Nxe4 $1 dxe4 32. d5 exf3 33. dxe6 Rxe6 34. Qd4+ $1 Kg8 35. Ra8 (35. gxf3 $11 Qxc2 36. Rxd6) 35... fxg2 $17 36. Qd5 (36. Qxb4 $17 {was called for.} Ree8 37. Rxb8 Rxb8 38. Qe4) 36... Rxa8 $19 37. Rxa8+ {[%mdl 4096] Endgame KQR-KQR} Kg7 {aiming for ...Re1+.} 38. Qd4+ Re5 (38... Rf6 $1 $19 39. Ra6 Qd7) 39. Ra6 Qxc2 {White must now prevent ...Kh7.} 40. Rxd6 {[#]} Qe2 ({Black should play} 40... Qe4 $1 41. Rd8 g5) 41. Kxg2 $17 Kh7 42. Rf6 Rg5+ 43. Kh2 Qe7 {And now ...Qb7 would win.} 44. Rf3 Kg8 45. Rg3 Rf5 46. Re3 Qc7+ 47. Kg2 {White threatens Re8+ and mate.} Rg5+ 48. Kf1 {Threatening mate with Re8+.} Qb8 49. Qd7 {[#]} (49. Re4 $17) 49... Qf4 $1 $19 50. Qc8+ Kg7 {...Rf5 is the strong threat.} 51. Re8 (51. Qc2 $142) 51... Rd5 {Hoping for ...Qf3!} 52. Rg8+ Kf6 {( -> ...Rd1+)} 53. Rd8 Rxd8 $2 (53... Rf5 {[%csl Gf5][%cal Rf4f2]} 54. Qc6+ Kg7) 54. Qxd8+ {KQ-KQ} Kg7 55. Qd1 Qe5 56. b3 (56. Qd2 $17) 56... Qe4 57. Kg1 h5 58. Qa1+ Kh7 59. Qd1 h4 60. Kh2 Kg7 61. Qa1+ Kh6 (61... f6 $17 62. Qd1 g5) 62. Qf6 $11 {The position is equal.} Kh5 63. Qxf7 Kg5 {Threatens to win with ...Qf4+.} 64. Kg1 Qb1+ 65. Kg2 {Strongly threatening Qe7+.} Qe4+ 66. Kg1 {Accuracy: White = 59%, Black = 72%.} 1/2-1/2

[Event "European School-ch 2019"]
[Site "Mamaia"]
[Date "2019.06.03"]
[Round "4.2"]
[White "David, Bogdan-Emanuel"]
[Black "Gayun, Dmytro"]
[Result "1/2-1/2"]
[WhiteElo "2162"]
[BlackElo "2271"]
[Annotator "TA"]
[PlyCount "132"]
[EventDate "2019.05.31"]
[EventType "swiss"]
[EventCountry "ROU"]
[SourceTitle "playchess.com"]
[Source "ChessBase"]
[SourceQuality "1"]

{[%evp 17,132,5,12,0,22,18,31,40,48,0,16,-8,0,0,12,-8,59,48,108,108,111,114,122,104,206,208,179,105,127,133,132,134,122,100,139,135,146,135,233,247,186,186,143,132,185,184,178,75,162,169,177,177,174,89,95,95,165,165,165,55,144,0,165,60,62,67,200,56,108,0,150,136,134,33,72,70,102,104,196,107,111,90,142,90,91,96,140,140,140,140,147,105,126,133,127,135,188,175,175,168,162,77,77,54,75,75,75,75,75,75,74,36,42,36,40,36,37]} 1. e4 c6 2. d4 d5 3. Nc3 dxe4 4. Nxe4 Nf6 5. Nxf6+ exf6 6. Nf3 Bd6 7. Be2 O-O 8. O-O Bg4 9. Be3 Nd7 10. c4 {B15: Caro-Kann: 3 Nc3: 3...g6 and 3...dxe4 4 Nxe4 Nf6 5 Nxf6+ exf6} c5 (10... Qc7 11. h3 Bh5 12. Qc1 Rfe8 13. Re1 c5 14. Qc3 Bf4 15. Bxf4 Qxf4 16. Rad1 Rac8 17. b3 b6 18. g3 Qc7 19. dxc5 bxc5 {½-½ (54) Ladron de Guevara Pinto,P (2418)-Goryachkina,A (2518) Caleta 2019}) 11. h3 Bh5 12. dxc5 $146 ({Predecessor:} 12. d5 b6 13. Qd2 Re8 14. Rfe1 h6 15. Rac1 Qe7 16. Nh4 Bg6 17. Nxg6 fxg6 18. Qc2 f5 19. g4 Qf7 {½-½ (19) Terzyan,N (1842)-Svanidze,G (1312) Batumi 2016}) 12... Bxc5 13. Qd5 Bxf3 14. Bxf3 Bxe3 15. fxe3 Rb8 16. Qd4 Qe7 (16... Ne5 $11) 17. Qxa7 $14 Nc5 (17... Rfe8 $14) 18. b4 $36 {[%mdl 2048] Keeping Black busy.} Nd3 19. a3 Rfe8 20. Rfd1 Qxe3+ (20... Ne5 $16 {might work better.}) 21. Qxe3 $18 Rxe3 22. Ra2 (22. a4 $1 $18) 22... Ne5 {[#]} 23. Bxb7 $1 {[%mdl 512]} Nxc4 (23... Rxb7 24. Rd8#) 24. a4 Kf8 25. Rd4 Ne5 26. Be4 $1 {Strongly threatening a5.} f5 27. Bxf5 Nc6 (27... g6 $16) 28. Rc4 Nxb4 29. Rb2 Re1+ 30. Kh2 $1 Na6 (30... g6 $16) 31. Rxb8+ Nxb8 {[%mdl 4096] Endgame KRB-KRN} 32. Rc5 (32. Bxh7 g6 $11) (32. Rc8+ $18 {has better winning chances.} Re8 33. Rc3) 32... Ke7 (32... g6 $16 {was necessary.}) 33. Rc7+ $1 (33. Bxh7 $6 g6 $11) 33... Kf6 34. Bd3 $1 (34. Bxh7 g6 $11) 34... Re7 35. Rc8 (35. Rxe7 $18 {And now Rb7 would win.} Kxe7 36. Kg3 (36. Bxh7 g6 $11)) 35... Nd7 $16 36. Bb5 ({Reject} 36. Bxh7 $6 g6 $11) 36... Nb6 (36... Ne5 $16) 37. Rc6+ $18 Re6 38. Rc7 (38. a5 $18 Rxc6 39. Bxc6) 38... Re7 (38... Re5 $1 $14) 39. Rc6+ Re6 40. Rc3 (40. a5 $18 Rxc6 41. Bxc6) 40... Re5 $14 41. Kg3 h6 (41... Nd5 $14 42. Rf3+ Ke7) 42. Kf3 (42. Rc6+ $18 Re6 43. a5 Rxc6 44. Bxc6) 42... Rf5+ ({Better is} 42... Nd5 $1 $14 43. Rc5 Ne7 44. Rxe5 Kxe5) 43. Kg3 (43. Ke4 $16 Re5+ 44. Kd3) 43... Rg5+ (43... Re5 $1 $11) 44. Kf2 {Threatens to win with Rc6+.} Rf5+ 45. Ke1 (45. Rf3 $16) 45... Re5+ 46. Kd2 Rd5+ 47. Kc2 {Rc6+ is the strong threat.} Kg5 (47... Ke5 $16) 48. Rg3+ (48. Rc6 $18 Nd7 49. Rc7) 48... Kf6 $16 49. Kb3 g5 (49... Rd1 $142) 50. Rc3 ({White should try} 50. Bc6 Rd1 51. a5) 50... Ke5 51. Bc6 Nxa4 52. Kxa4 {KRB-KR} ({Don't take} 52. Bxa4 f5) 52... Rd4+ 53. Kb3 f5 54. Re3+ Kf4 55. Rf3+ Ke5 56. Kc3 Rd6 {[#]} (56... Rd8 $16) 57. Be8 $1 $18 g4 58. hxg4 fxg4 59. Rf1 (59. Rd3 $18 Ra6 60. Kc4) 59... Ke4 $16 60. Bh5 Rd3+ 61. Kc2 {Black must now prevent Bg6+.} Rg3 {[#]} 62. Rf2 $1 {Hoping for Kd1.} Ke3 63. Rd2 Kf4 64. Be8 Re3 {White is slightly better.} 65. Rd4+ Kg3 66. Bh5 Kxg2 {Accuracy: White = 42%, Black = 33%.} 1/2-1/2

[Event "European School-ch 2019"]
[Site "Mamaia"]
[Date "2019.06.03"]
[Round "4.3"]
[White "Stoleriu, George"]
[Black "Ozdemir, Serhan Berat"]
[Result "1-0"]
[WhiteElo "2372"]
[BlackElo "1950"]
[Annotator "ChessBase"]
[PlyCount "99"]
[EventDate "2019.05.31"]
[EventType "swiss"]
[EventCountry "ROU"]
[SourceTitle "playchess.com"]
[Source "ChessBase"]
[SourceQuality "1"]
[TimeControl "40/5400+30:1800+30"]

1. e4 {[%emt 0:00:00]} c5 {[%emt 0:00:00]} 2. Nc3 {[%emt 0:00:03]} Nc6 {[%emt 0:00:20]} 3. Bb5 {[%emt 0:00:07]} Nd4 {[%emt 0:03:58]} 4. Bc4 {[%emt 0:00:08]} e6 {[%emt 0:01:25]} 5. Nge2 {[%emt 0:00:03]} Nf6 {[%emt 0:01:24]} 6. O-O {[%emt 0:00:11]} a6 {[%emt 0:03:27]} 7. Bb3 {[%emt 0:00:34]} d6 {[%emt 0:06:12]} 8. d3 {[%emt 0:00:25]} Nxb3 {[%emt 0:02:14]} 9. axb3 {[%emt 0:00:05]} Be7 {[%emt 0:04:46]} 10. f4 {[%emt 0:02:23]} O-O {[%emt 0:00:12]} 11. Kh1 {[%emt 0:00:18]} b6 {[%emt 0:03:43]} 12. Ng3 {[%emt 0:00:29]} Bb7 {[%emt 0:00:58]} 13. f5 {[%emt 0:05:04]} Nd7 {[%emt 0:09:21]} 14. Bf4 {[%emt 0:03:52]} e5 {[%emt 0:18:04]} 15. Be3 {[%emt 0:01:04]} Bg5 {[%emt 0:00:01]} 16. Bg1 {[%emt 0:00:24]} Nf6 {[%emt 0:02:27]} 17. Nh5 {[%emt 0:05:53]} b5 {[%emt 0:10:19]} 18. Nxf6+ {[%emt 0:00:47]} Bxf6 {[%emt 0:00:21]} 19. Qg4 {[%emt 0:01:30]} Rc8 {[%emt 0:01:27]} 20. Be3 {[%emt 0:01:36]} Re8 {[%emt 0:07:13]} 21. Rf3 {[%emt 0:06:56]} Kf8 {[%emt 0:02:10]} 22. Rh3 {[%emt 0:12:20]} h6 {[%emt 0:00:08]} 23. Ne2 {[%emt 0:02:03]} Bg5 {[%emt 0:03:57]} 24. Bxg5 {[%emt 0:03:08]} Qxg5 {[%emt 0:00:05]} 25. Qf3 {[%emt 0:01:23]} Ke7 {[%emt 0:05:10]} 26. Rg3 {[%emt 0:05:21]} Qf6 {[%emt 0:00:06]} 27. Nc3 {[%emt 0:00:29]} Kf8 {[%emt 0:05:18]} 28. Nd1 {[%emt 0:03:21]} c4 29. dxc4 {[%emt 0:02:48]} bxc4 {[%emt 0:01:48]} 30. Nc3 {[%emt 0:01:10]} cxb3 {[%emt 0:00:30]} 31. cxb3 {[%emt 0:00:05]} Rc5 {[%emt 0:02:19]} 32. Rd1 {[%emt 0:02:30]} Rd8 {[%emt 0:01:20]} 33. Qd3 {[%emt 0:02:52]} h5 {[%emt 0:02:11]} 34. Qd2 {[%emt 0:04:47]} h4 {[%emt 0:00:53]} 35. Rd3 {[%emt 0:00:07]} a5 {[%emt 0:02:09]} 36. Qe3 {[%emt 0:01:14]} Rcc8 {[%emt 0:01:23]} 37. Qb6 {[%emt 0:00:58]} Ba8 {[%emt 0:00:39]} 38. Qxa5 {[%emt 0:01:11]} Rxc3 {[%emt 0:00:28]} 39. Qxc3 {[%emt 0:04:42]} Bxe4 {[%emt 0:00:01]} 40. Rxd6 {[%emt 0:00:00]} Rxd6 {[%emt 0:00:00]} 41. Qc8+ {[%emt 0:01:32]} Qd8 {[%emt 0:03:42]} 42. Qxd8+ {[%emt 0:00:05]} Rxd8 {[%emt 0:00:02]} 43. Rxd8+ {[%emt 0:00:08]} Ke7 {[%emt 0:00:09]} 44. Rh8 {[%emt 0:00:03]} Bc2 {[%emt 0:01:03]} 45. Rxh4 {[%emt 0:01:26]} e4 {[%emt 0:00:19]} 46. Kg1 {[%emt 0:00:43]} Kf6 {[%emt 0:00:12]} 47. Rg4 {[%emt 0:01:13]} e3 {[%emt 0:00:27]} 48. Rg3 {[%emt 0:00:13]} e2 {[%emt 0:00:04]} 49. Kf2 {[%emt 0:00:03]} Bd1 {[%emt 0:00:13]} 50. b4 {[%emt 0:00:06]} 1-0

[Event "European School-ch 2019"]
[Site "Mamaia"]
[Date "2019.06.03"]
[Round "4.4"]
[White "Paraschiv, Paul-Alexandru"]
[Black "Ozkurt, Kutay"]
[Result "1-0"]
[WhiteElo "2055"]
[BlackElo "1885"]
[Annotator "NA"]
[PlyCount "77"]
[EventDate "2019.05.31"]
[EventType "swiss"]
[EventCountry "ROU"]
[SourceTitle "playchess.com"]
[Source "ChessBase"]
[SourceQuality "1"]
[TimeControl "40/5400+30:1800+30"]

1. e4 {[%emt 0:00:00]} c5 {[%emt 0:00:00]} 2. b3 {[%emt 0:00:00]} Nc6 {[%emt 0:00:00]} 3. Bb2 {[%emt 0:00:00]} e5 {[%emt 0:00:00]} 4. Bc4 {[%emt 0:00:04]} Nf6 {[%emt 0:00:00]} 5. d3 {[%emt 0:00:18]} d5 {[%emt 0:00:00]} 6. exd5 {[%emt 0:00:29]} Nxd5 {[%emt 0:00:00]} 7. Ne2 {[%emt 0:01:39]} Nb6 {[%emt 0:02:15]} 8. Bb5 {[%emt 0:01:04]} Bd7 {[%emt 0:00:24]} 9. O-O {[%emt 0:01:56]} Be7 {[%emt 0:01:02]} 10. f4 {[%emt 0:01:55]} Nd4 {[%emt 0:15:17]} (10... Nd5 $11) 11. Bxd7+ {[%emt 0:00:42]} Nxd7 $14 {[%emt 0:00:02]} 12. fxe5 {[%emt 0:05:53]} Nxe5 {[%emt 0:00:13]} 13. Nxd4 cxd4 {[%emt 0:00:01]} 14. Qh5 {[%emt 0:00:52]} Qd5 {[%emt 0:18:48]} 15. c4 {[%emt 0:01:22]} Qd6 {[%emt 0:11:47]} 16. Ba3 {[%emt 0:00:54]} Qe6 {[%emt 0:00:18]} 17. Bxe7 {[%emt 0:03:13]} Qxe7 {[%emt 0:00:02]} 18. Na3 {[%emt 0:09:27]} O-O {[%emt 0:01:23]} 19. Rfe1 {[%emt 0:01:40]} Qxa3 {[%emt 0:00:57]} 20. Qxe5 {[%emt 0:00:09]} Qb2 {[%emt 0:00:18]} 21. Qe2 {[%emt 0:00:26]} Qc3 {[%emt 0:00:47]} 22. Rac1 {[%emt 0:00:04]} Qa5 {[%emt 0:00:02]} 23. Qb2 {[%emt 0:00:27]} Rfe8 {[%emt 0:02:15]} 24. b4 {[%emt 0:00:34]} Qb6 {[%emt 0:00:09]} 25. c5 {[%emt 0:00:37]} Qf6 {[%emt 0:00:02]} 26. Qf2 {[%emt 0:00:09]} Qa6 {[%emt 0:02:11]} 27. Rxe8+ {[%emt 0:06:51]} Rxe8 {[%emt 0:00:01]} 28. Rf1 {[%emt 0:00:07]} Qe6 {[%emt 0:06:49]} 29. Qxd4 {[%emt 0:01:48]} Qe3+ {[%emt 0:00:01]} 30. Qxe3 {[%emt 0:00:11]} Rxe3 {[%emt 0:00:01]} 31. Rd1 {[%emt 0:03:43]} Re2 {[%emt 0:00:01]} 32. d4 {[%emt 0:00:09]} Rxa2 {[%emt 0:00:02]} 33. d5 {[%emt 0:00:20]} Kf8 {[%emt 0:00:48]} 34. d6 {[%emt 0:00:25]} Ke8 {[%emt 0:00:16]} 35. Re1+ {[%emt 0:00:07]} Kd8 {[%emt 0:02:26]} 36. Re7 {[%emt 0:00:02]} Kc8 {[%emt 0:00:10]} 37. Rc7+ {[%emt 0:00:01]} Kb8 {[%emt 0:00:05]} 38. Rxf7 {[%emt 0:00:02]} a5 {[%emt 0:00:19]} 39. Rf8+ {[%emt 0:00:13]} 1-0